Champions de France de handball - Statistiques

Statistiques générales
  • Ce quiz a été pris 255 fois
  • Le résultat moyen est 7 sur 20
Statistiques - réponses
Nombre de titres Dernier Titre Club % Correct
11 2024 PSG
99%
14 2021 Montpellier
89%
4 1974 Paris UC
57%
1 2001 Chambéry
56%
1 2014 Dunkerque
50%
4 1993 USAM Nimes
43%
5 1984 Stade Marseillais UC
42%
8 2007 US Ivry
40%
1 1989 US Créteil
34%
1 1977 RC Strasbourg
32%
2 1958 ASPOM Bordeaux
31%
1 1973 CSL Dijon
29%
2 1996 OM Vitrolles
17%
1 1960 AS Mulhouse
12%
1 1992 Vénissieux HB 85
9%
6 1980 Stella Saint Maur
6%
5 1987 USM Gagny
6%
2 1955 ASP Police Paris
1%
1 1953 Villemomble Sport
1%
1 1961 Bataillon de Joinville
0%
Aucun quiz correspondant
Distribution des résultats
% des personnes avec chaque résultat
Percentile par nombre de réponses
Votre historique - résultats
Vous n’avez pas pris ce quiz